000 00946 a2200193 4500
003 Nust
005 20230103090909.0
040 _cNust
082 _a629.892,JAI
100 _aK.C.Jain
_954358
245 _aRobotics-principles and practice /
_cK.C.Jain & L.N.Aggarwal
250 _a1st ed
260 _aDelhi
_bKhanna Publilser
_c1993
300 _a271 p
_billus
_c24 cm
505 _aIntroduction (Page-1), Basic fundamentals (Page-31), Manipulator and interpolator (Page-45), Controlling the robots motion (Page-54), Controlling the robots muscle (Page-61), Robot hands (Page-110), Robot dynamic (Page-122), Kinematic analysis (Page-127), Sensing systems (Page-186), Economic and installation (Page-221), Safety (Page-234), Programming languages (Page-238), Manufacturing systems (Page-253), Flexible manufacturing systems (Page-256).
600 _aK.C.Jain
_954358
650 _aRobotics-principles and practice
_9106675
942 _2ddc
_cBK
999 _c183998
_d183998